[Event "Masters Tournament (MTO)"]
[Site "Biel, CH"]
[Date "2025.07.15"]
[Round "2"]
[White "Faraone, Ettore"]
[Black "Maria, Lia-Alexandra"]
[Result "1/2-1/2"]
[Board "41"]
[WhiteFideId "1311484"]
[BlackFideId "1248952"]
[BlackTitle "WFM"]
[WhiteElo "1979"]
[BlackElo "2120"]
[WhiteTeam "SUI"]
[BlackTeam "ROU"]
[WhiteClock "0:13:56"]
[BlackClock "0:04:16"]
[Variant "Standard"]

1. e4 {[%clk 1:40:56]}  c5 {[%clk 1:40:52]} 2. Nf3 {[%clk 1:40:33]}  d6 {[%clk 1:41:16]} 3. d4 {[%clk 1:38:52]}  cxd4 {[%clk 1:41:39]} 4. Nxd4 {[%clk 1:38:29]}  Nf6 {[%clk 1:41:02]} 5. Nc3 {[%clk 1:38:52]}  a6 {[%clk 1:41:20]} 6. Bg5 {[%clk 1:38:10]}  Nbd7 {[%clk 1:41:06]} 7. Be2 {[%clk 1:33:26]}  g6 {[%clk 1:37:50]} 8. Qd2 {[%clk 1:32:04]}  Bg7 {[%clk 1:30:45]} 9. Bh6 {[%clk 1:31:31]}  Bxh6 {[%clk 1:25:36]} 10. Qxh6 {[%clk 1:31:43]}  Qb6 {[%clk 1:23:13]} 11. O-O-O {[%clk 1:30:37]}  Ne5 {[%clk 1:14:25]} 12. h3 {[%clk 1:29:16]}  Bd7 {[%clk 1:12:05]} 13. f4 {[%clk 1:26:10]}  Nc6 {[%clk 1:11:40]} 14. Nxc6 {[%clk 1:11:44]}  Bxc6 {[%clk 1:03:29]} 15. Bf3 {[%clk 1:04:54]}  O-O-O {[%clk 0:52:47]} 16. Rhe1 {[%clk 1:12:56]}  Kb8 {[%clk 0:49:41]} 17. Qg7 {[%clk 1:09:25]}  Rhf8 {[%clk 0:45:13]} 18. Nd5 {[%clk 1:02:56]}  Bxd5 {[%clk 0:39:55]} 19. exd5 {[%clk 1:03:11]}  Qc7 {[%clk 0:40:18]} 20. Rd3 {[%clk 1:01:19]}  Rc8 {[%clk 0:36:57]} 21. c3 {[%clk 0:58:10]}  Qc4 {[%clk 0:36:10]} 22. Kc2 {[%clk 0:54:05]}  Qa4+ {[%clk 0:21:52]} 23. Kb1 {[%clk 0:50:01]}  Ng8 {[%clk 0:16:11]} 24. Rd4 {[%clk 0:45:43]}  Qb5 {[%clk 0:16:01]} 25. Be2 {[%clk 0:37:15]}  Qb6 {[%clk 0:15:44]} 26. g4 {[%clk 0:32:46]}  Nf6 {[%clk 0:12:10]} 27. g5 {[%clk 0:31:11]}  Ng8 {[%clk 0:06:55]} 28. Bg4 {[%clk 0:29:57]}  Rce8 {[%clk 0:05:51]} 29. Bd7 {[%clk 0:29:14]}  Rd8 {[%clk 0:06:08]} 30. Bc6 {[%clk 0:29:13]}  a5 {[%clk 0:06:11]} 31. Bd7 {[%clk 0:26:04]}  Qc7 {[%clk 0:03:44]} 32. Bg4 {[%clk 0:23:11]}  f5 {[%clk 0:03:35]} 33. Be2 {[%clk 0:19:39]}  e5 {[%clk 0:03:34]} 34. Qxc7+ {[%clk 0:19:18]}  Kxc7 {[%clk 0:04:02]} 35. Rc4+ {[%clk 0:14:29]}  Kb6 {[%clk 0:04:16]} 36. Kc1 {[%clk 0:13:56]} 1/2-1/2

[Event "Masters Tournament (MTO)"]
[Site "Biel, CH"]
[Date "2025.07.15"]
[Round "2"]
[White "Misiano, Franco"]
[Black "Malli, Shiivesh Sunil"]
[Result "1/2-1/2"]
[Board "42"]
[WhiteFideId "804746"]
[BlackFideId "1340409"]
[WhiteTitle "FM"]
[WhiteElo "2108"]
[BlackElo "1969"]
[WhiteTeam "ITA"]
[BlackTeam "SUI"]
[WhiteClock "1:26:03"]
[BlackClock "0:58:38"]
[Variant "Standard"]

1. e4 {[%clk 1:40:55]}  c5 {[%clk 1:40:57]} 2. Nf3 {[%clk 1:41:14]}  Nc6 {[%clk 1:41:24]} 3. d4 {[%clk 1:41:36]}  cxd4 {[%clk 1:41:51]} 4. Nxd4 {[%clk 1:42:00]}  g6 {[%clk 1:42:12]} 5. c4 {[%clk 1:42:21]}  Nf6 {[%clk 1:42:25]} 6. Nc3 {[%clk 1:42:30]}  Nxd4 {[%clk 1:42:30]} 7. Qxd4 {[%clk 1:42:53]}  d6 {[%clk 1:42:56]} 8. f3 {[%clk 1:43:01]}  Bg7 {[%clk 1:43:20]} 9. Be3 {[%clk 1:43:24]}  O-O {[%clk 1:43:41]} 10. Qd2 {[%clk 1:43:51]}  Be6 {[%clk 1:43:17]} 11. Rc1 {[%clk 1:42:44]}  Qa5 {[%clk 1:42:31]} 12. Bd3 {[%clk 1:41:54]}  Rfc8 {[%clk 1:41:02]} 13. b3 {[%clk 1:41:45]}  Nd7 {[%clk 1:32:03]} 14. Nb5 {[%clk 1:38:05]}  Qxd2+ {[%clk 1:30:45]} 15. Kxd2 {[%clk 1:38:28]}  a6 {[%clk 1:30:11]} 16. Nd4 {[%clk 1:38:44]}  Nc5 {[%clk 1:28:42]} 17. Nxe6 {[%clk 1:37:06]}  Nxe6 {[%clk 1:24:53]} 18. f4 {[%clk 1:35:18]}  Nc5 {[%clk 1:12:28]} 19. g4 {[%clk 1:29:14]}  b5 {[%clk 1:04:41]} 20. h4 {[%clk 1:33:59]}  b4 {[%clk 1:04:15]} 21. g5 {[%clk 1:28:11]}  a5 {[%clk 1:03:21]} 22. Bxc5 {[%clk 1:26:03]}  dxc5 {[%clk 0:58:38]} 1/2-1/2

[Event "Masters Tournament (MTO)"]
[Site "Biel, CH"]
[Date "2025.07.15"]
[Round "2"]
[White "Hank, Holger"]
[Black "Perreard, Nicolas"]
[Result "0-1"]
[Board "43"]
[WhiteFideId "4648242"]
[BlackFideId "1330861"]
[WhiteElo "1947"]
[BlackElo "2100"]
[WhiteTeam "GER"]
[BlackTeam "SUI"]
[WhiteClock "0:29:10"]
[BlackClock "1:23:22"]
[Variant "Standard"]

1. c4 {[%clk 1:40:14]}  e6 {[%clk 1:40:55]} 2. g3 {[%clk 1:39:48]}  d5 {[%clk 1:41:11]} 3. Nf3 {[%clk 1:38:24]}  Nc6 {[%clk 1:39:56]} 4. Bg2 {[%clk 1:37:57]}  Nf6 {[%clk 1:38:26]} 5. O-O {[%clk 1:37:05]}  Bd7 {[%clk 1:31:52]} 6. cxd5 {[%clk 1:32:49]}  exd5 {[%clk 1:37:29]} 7. d4 {[%clk 1:33:11]}  Bd6 {[%clk 1:28:52]} 8. Nc3 {[%clk 1:30:07]}  h6 {[%clk 1:28:26]} 9. a3 {[%clk 1:24:16]}  O-O {[%clk 1:24:36]} 10. b4 {[%clk 1:16:13]}  a6 {[%clk 1:22:44]} 11. Be3 {[%clk 1:08:04]}  Re8 {[%clk 1:19:39]} 12. Rc1 {[%clk 0:52:08]}  Na7 {[%clk 1:18:38]} 13. Ne5 {[%clk 0:37:48]}  c6 {[%clk 1:16:41]} 14. f4 {[%clk 0:33:30]}  b5 {[%clk 1:16:37]} 15. Bd2 {[%clk 0:29:21]}  Nc8 {[%clk 1:15:50]} 16. Qb3 {[%clk 0:21:51]}  Nb6 {[%clk 1:15:54]} 17. Rcd1 {[%clk 0:20:43]}  Nc4 {[%clk 1:15:17]} 18. e4 {[%clk 0:20:18]}  Bxe5 {[%clk 1:12:46]} 19. fxe5 {[%clk 0:18:50]}  Nxe4 {[%clk 1:13:06]} 20. Bc1 {[%clk 0:15:00]}  Nxc3 {[%clk 1:12:30]} 21. Qxc3 {[%clk 0:15:18]}  a5 {[%clk 1:11:31]} 22. Rf4 {[%clk 0:12:50]}  axb4 {[%clk 1:08:40]} 23. axb4 {[%clk 0:13:14]}  Qb6 {[%clk 1:07:38]} 24. Kh1 {[%clk 0:13:11]}  Ra2 {[%clk 1:08:14]} 25. Qf3 {[%clk 0:12:07]}  Be6 {[%clk 1:08:15]} 26. Rf1 {[%clk 0:11:38]}  Re7 {[%clk 1:07:23]} 27. Qh5 {[%clk 0:11:23]}  Qa7 {[%clk 1:07:06]} 28. Rh4 {[%clk 0:08:48]}  Kf8 {[%clk 1:02:29]} 29. Bxh6 {[%clk 0:09:03]}  gxh6 {[%clk 1:02:49]} 30. Qxh6+ {[%clk 0:07:43]}  Ke8 {[%clk 1:03:16]} 31. Qf6 {[%clk 0:03:46]}  Rxg2 {[%clk 1:01:30]} 32. Rh8+ {[%clk 0:02:40]}  Kd7 {[%clk 1:01:40]} 33. Qh6 {[%clk 0:03:08]}  Ra2 {[%clk 0:58:40]} 34. Qf8 {[%clk 0:03:20]}  Qc7 {[%clk 0:58:59]} 35. h4 {[%clk 0:03:05]}  Nb6 {[%clk 0:56:14]} 36. h5 {[%clk 0:03:10]}  Ra8 {[%clk 0:53:22]} 37. Qg7 {[%clk 0:03:30]}  Rxh8 {[%clk 0:53:33]} 38. Qxh8 {[%clk 0:03:51]}  Qd8 {[%clk 0:53:15]} 39. Qg7 {[%clk 0:03:21]}  Re8 {[%clk 0:53:31]} 40. h6 {[%clk 0:02:54]}  Rg8 {[%clk 0:52:23]} 41. Rxf7+ {[%clk 0:30:19]}  Kc8 {[%clk 1:22:45]} 42. Qf6 {[%clk 0:29:11]}  Bxf7 {[%clk 1:22:46]} 43. Qxf7 {[%clk 0:29:27]}  Qf8 {[%clk 1:23:03]} 44. Qa7 {[%clk 0:29:10]}  Qf1+ {[%clk 1:23:22]} 0-1

[Event "Masters Tournament (MTO)"]
[Site "Biel, CH"]
[Date "2025.07.15"]
[Round "2"]
[White "Leonov, Leonid"]
[Black "Avaria, Diego"]
[Result "1-0"]
[Board "44"]
[WhiteFideId "1698052"]
[BlackFideId "1335723"]
[WhiteElo "2089"]
[BlackElo "1958"]
[WhiteTeam "AUT"]
[BlackTeam "SUI"]
[WhiteClock "0:05:16"]
[BlackClock "0:01:47"]
[Variant "Standard"]

1. e4 {[%clk 1:40:50]}  e5 {[%clk 1:40:57]} 2. Nf3 {[%clk 1:41:16]}  d6 {[%clk 1:41:22]} 3. d4 {[%clk 1:41:43]}  Nf6 {[%clk 1:41:16]} 4. Nc3 {[%clk 1:42:04]}  Nbd7 {[%clk 1:42:11]} 5. Bd3 {[%clk 1:42:00]}  Be7 {[%clk 1:41:34]} 6. h3 {[%clk 1:41:33]}  O-O {[%clk 1:42:30]} 7. Be3 {[%clk 1:42:00]}  c6 {[%clk 1:41:42]} 8. a4 {[%clk 1:42:24]}  b6 {[%clk 1:40:57]} 9. O-O {[%clk 1:40:46]}  Bb7 {[%clk 1:31:40]} 10. a5 {[%clk 1:32:45]}  bxa5 {[%clk 1:33:50]} 11. Re1 {[%clk 1:31:54]}  Qc7 {[%clk 1:23:14]} 12. Qd2 {[%clk 1:22:56]}  a6 {[%clk 1:22:02]} 13. dxe5 {[%clk 1:20:24]}  dxe5 {[%clk 1:19:47]} 14. Ne2 {[%clk 1:14:18]}  Bb4 {[%clk 1:24:18]} 15. c3 {[%clk 1:11:00]}  Be7 {[%clk 1:21:17]} 16. Ng3 {[%clk 1:02:41]}  Nc5 {[%clk 1:20:10]} 17. Bc2 {[%clk 0:59:11]}  Rfd8 {[%clk 1:10:54]} 18. Qe2 {[%clk 0:44:16]}  Bc8 {[%clk 0:59:56]} 19. Nh4 {[%clk 0:34:29]}  Be6 {[%clk 0:53:53]} 20. Nhf5 {[%clk 0:54:48]}  Bf8 {[%clk 0:36:50]} 21. Bg5 {[%clk 0:47:20]}  Ncd7 {[%clk 0:27:11]} 22. Nh5 {[%clk 0:37:38]}  Rdb8 {[%clk 0:23:05]} 23. Bxf6 {[%clk 0:25:44]}  Nxf6 {[%clk 0:34:30]} 24. Nxf6+ {[%clk 0:25:54]}  gxf6 {[%clk 0:33:54]} 25. Qg4+ {[%clk 0:25:10]}  Kh8 {[%clk 0:31:32]} 26. Qh5 {[%clk 0:19:42]}  Rxb2 {[%clk 0:27:47]} 27. Bd3 {[%clk 0:09:34]}  Bc5 {[%clk 0:23:04]} 28. Qh6 {[%clk 0:05:38]}  Bxf2+ {[%clk 0:14:40]} 29. Kh1 {[%clk 0:14:05]}  Bxf5 {[%clk 0:14:54]} 30. Qxf6+ {[%clk 0:14:29]}  Kg8 {[%clk 0:14:01]} 31. exf5 {[%clk 0:08:04]}  Qd8 {[%clk 0:08:11]} 32. Qh6 {[%clk 0:06:51]}  Qxd3 {[%clk 0:03:09]} 33. Qg5+ {[%clk 0:05:38]}  Kh8 {[%clk 0:02:18]} 34. Qf6+ {[%clk 0:12:49]}  Kg8 {[%clk 0:02:43]} 35. Rad1 {[%clk 0:11:50]}  Qg3 {[%clk 0:02:19]} 36. Qxc6 {[%clk 0:10:47]}  Rf8 {[%clk 0:00:49]} 37. Re4 {[%clk 0:04:43]}  f6 {[%clk 0:00:15]} 38. Qe6+ {[%clk 0:04:03]}  Kh8 {[%clk 0:01:15]} 39. Rg4 {[%clk 0:03:40]}  Qe3 {[%clk 0:01:23]} 40. Qxf6+ {[%clk 0:04:48]}  Rxf6 {[%clk 0:01:47]} 41. Rd8+ {[%clk 0:05:16]} 1-0

[Event "Masters Tournament (MTO)"]
[Site "Biel, CH"]
[Date "2025.07.15"]
[Round "2"]
[White "Yu, Tianxiang Carlos"]
[Black "Cervelli, Eduard"]
[Result "0-1"]
[Board "45"]
[WhiteFideId "39922723"]
[BlackFideId "1351800"]
[WhiteElo "1938"]
[BlackElo "2086"]
[WhiteTeam "USA"]
[BlackTeam "SUI"]
[WhiteClock "0:36:01"]
[BlackClock "0:58:46"]
[Variant "Standard"]

1. e4 {[%clk 1:40:57]}  c5 {[%clk 1:40:13]} 2. Nf3 {[%clk 1:41:13]}  d6 {[%clk 1:40:35]} 3. d4 {[%clk 1:41:32]}  cxd4 {[%clk 1:40:59]} 4. Nxd4 {[%clk 1:42:00]}  Nf6 {[%clk 1:41:19]} 5. Nc3 {[%clk 1:42:22]}  a6 {[%clk 1:41:43]} 6. f3 {[%clk 1:41:10]}  e5 {[%clk 1:41:59]} 7. Nb3 {[%clk 1:41:36]}  Be7 {[%clk 1:41:50]} 8. Be3 {[%clk 1:41:50]}  Be6 {[%clk 1:42:06]} 9. Qd2 {[%clk 1:42:00]}  h5 {[%clk 1:42:04]} 10. Nd5 {[%clk 1:41:11]}  Nxd5 {[%clk 1:38:25]} 11. exd5 {[%clk 1:41:05]}  Bf5 {[%clk 1:38:43]} 12. Be2 {[%clk 1:41:30]}  a5 {[%clk 1:37:00]} 13. a4 {[%clk 1:41:52]}  Bh4+ {[%clk 1:36:55]} 14. g3 {[%clk 1:42:18]}  Bf6 {[%clk 1:37:15]} 15. O-O {[%clk 1:10:11]}  O-O {[%clk 1:24:53]} 16. c3 {[%clk 1:07:20]}  Nd7 {[%clk 1:19:00]} 17. Bd3 {[%clk 1:02:32]}  Bxd3 {[%clk 1:22:53]} 18. Qxd3 {[%clk 1:02:32]}  h4 {[%clk 1:14:10]} 19. Kg2 {[%clk 0:58:45]}  Bg5 {[%clk 1:11:22]} 20. Rae1 {[%clk 0:38:16]}  Bxe3 {[%clk 1:00:56]} 21. Rxe3 {[%clk 0:38:09]}  f5 {[%clk 0:57:39]} 22. f4 {[%clk 0:36:01]}  g5 {[%clk 0:58:46]} 23. fxe5 {[%clk 0:36:01]}  Nxe5 {[%clk 0:58:46]} 24. Qc2 {[%clk 0:36:01]}  Qf6 {[%clk 0:58:46]} 25. Kh1 {[%clk 0:36:01]}  hxg3 {[%clk 0:58:46]} 26. Rxg3 {[%clk 0:36:01]}  f4 {[%clk 0:58:46]} 27. Nd4 {[%clk 0:36:01]}  fxg3 {[%clk 0:58:46]} 28. Rxf6 {[%clk 0:36:01]}  Rxf6 {[%clk 0:58:46]} 29. hxg3 {[%clk 0:36:01]}  Raf8 {[%clk 0:58:46]} 30. Qd2 {[%clk 0:36:01]}  g4 {[%clk 0:58:46]} 31. Qg5+ {[%clk 0:36:01]}  Rg6 {[%clk 0:58:46]} 32. Qh5 {[%clk 0:36:01]}  Rf7 {[%clk 0:58:46]} 33. Kg2 {[%clk 0:36:01]}  Rgf6 {[%clk 0:58:46]} 34. Qg5+ {[%clk 0:36:01]}  Kh7 {[%clk 0:58:46]} 35. Qh5+ {[%clk 0:36:01]}  Rh6 {[%clk 0:58:46]} 36. Qg5 {[%clk 0:36:01]}  Nf3 {[%clk 0:58:46]} 37. Nxf3 {[%clk 0:36:01]}  gxf3+ {[%clk 0:58:46]} 38. Kf2 {[%clk 0:36:01]}  Rh2+ {[%clk 0:58:46]} 39. Kg1 {[%clk 0:36:01]}  f2+ {[%clk 0:58:46]} 40. Kxh2 {[%clk 0:36:01]}  f1=Q {[%clk 0:58:46]} 41. Qh5+ {[%clk 0:36:01]}  Kg8 {[%clk 0:58:46]} 42. Qg5+ {[%clk 0:36:01]}  Kh8 {[%clk 0:58:46]} 43. Qd8+ {[%clk 0:36:01]}  Rf8 {[%clk 0:58:46]} 44. Qh4+ {[%clk 0:36:01]}  Kg7 {[%clk 0:58:46]} 45. Qg4+ {[%clk 0:36:01]}  Kf6 {[%clk 0:58:46]} 46. Qe6+ {[%clk 0:36:01]}  Kg5 {[%clk 0:58:46]} 0-1

[Event "Masters Tournament (MTO)"]
[Site "Biel, CH"]
[Date "2025.07.15"]
[Round "2"]
[White "Lilliehook, Victor"]
[Black "Cordes, Jule"]
[Result "0-1"]
[Board "46"]
[WhiteFideId "1752103"]
[BlackFideId "1060708"]
[WhiteElo "2074"]
[BlackElo "1946"]
[WhiteTeam "SWE"]
[BlackTeam "NED"]
[WhiteClock "1:04:23"]
[BlackClock "0:29:03"]
[Variant "Standard"]

1. Nf3 {[%clk 1:40:58]}  Nf6 {[%clk 1:37:07]} 2. g3 {[%clk 1:41:22]}  b6 {[%clk 1:37:21]} 3. Bg2 {[%clk 1:41:40]}  Bb7 {[%clk 1:37:43]} 4. O-O {[%clk 1:41:59]}  g6 {[%clk 1:37:55]} 5. b3 {[%clk 1:42:10]}  Bg7 {[%clk 1:38:07]} 6. Bb2 {[%clk 1:42:39]}  O-O {[%clk 1:38:23]} 7. c4 {[%clk 1:43:04]}  d6 {[%clk 1:23:01]} 8. d4 {[%clk 1:42:05]}  e6 {[%clk 1:20:34]} 9. Nc3 {[%clk 1:29:21]}  Ne4 {[%clk 1:09:37]} 10. Qd3 {[%clk 1:18:03]}  f5 {[%clk 0:51:12]} 11. Nd2 {[%clk 1:12:21]}  d5 {[%clk 0:50:55]} 12. Ncxe4 {[%clk 1:07:21]}  dxe4 {[%clk 0:47:39]} 13. Qc3 {[%clk 1:01:09]}  c5 {[%clk 0:46:18]} 14. e3 {[%clk 0:59:51]}  cxd4 {[%clk 0:34:00]} 15. exd4 {[%clk 1:00:13]}  Nc6 {[%clk 0:34:20]} 16. Rad1 {[%clk 0:53:45]}  Bxd4 {[%clk 0:22:53]} 17. Qc1 {[%clk 0:51:10]}  e5 {[%clk 0:21:02]} 18. Ba3 {[%clk 0:47:04]}  Rf7 {[%clk 0:19:01]} 19. b4 {[%clk 0:47:00]}  e3 {[%clk 0:12:29]} 20. fxe3 {[%clk 0:45:58]}  Bxe3+ {[%clk 0:12:52]} 21. Kh1 {[%clk 0:46:24]}  Rd7 {[%clk 0:07:45]} 22. b5 {[%clk 0:44:07]}  Na5 {[%clk 0:02:29]} 23. Bxb7 {[%clk 0:44:11]}  Nxb7 {[%clk 0:02:58]} 24. Bb4 {[%clk 0:43:05]}  Nc5 {[%clk 0:03:02]} 25. Qc2 {[%clk 0:41:35]}  Nd3 {[%clk 0:02:58]} 26. Qb3 {[%clk 0:38:31]}  Nf2+ {[%clk 0:01:52]} 27. Rxf2 {[%clk 0:39:00]}  Bxf2 {[%clk 0:02:21]} 28. c5+ {[%clk 0:38:53]}  Kg7 {[%clk 0:01:09]} 29. Bc3 {[%clk 0:38:52]}  Rd5 {[%clk 0:00:52]} 30. Kg2 {[%clk 0:37:25]}  Bxc5 {[%clk 0:01:01]} 31. Qb2 {[%clk 0:34:36]}  Bd4 {[%clk 0:00:57]} 32. Nf3 {[%clk 0:32:14]}  Bxc3 {[%clk 0:01:10]} 33. Qxc3 {[%clk 0:32:32]}  Rxd1 {[%clk 0:00:48]} 34. Nxe5 {[%clk 0:32:55]}  Qf6 {[%clk 0:00:39]} 35. Qc7+ {[%clk 0:33:09]}  Kg8 {[%clk 0:00:34]} 36. Qc4+ {[%clk 0:33:30]}  Kh8 {[%clk 0:00:34]} 37. Qc7 {[%clk 0:33:22]}  Rf8 {[%clk 0:00:42]} 38. Nd7 {[%clk 0:33:28]}  Rxd7 {[%clk 0:01:04]} 39. Qxd7 {[%clk 0:33:57]}  Rf7 {[%clk 0:01:12]} 40. Qd5 {[%clk 0:34:03]}  Kg7 {[%clk 0:01:34]} 41. Kf3 {[%clk 0:33:20]}  f4 {[%clk 0:01:19]} 42. g4 {[%clk 0:33:35]}  Qc3+ {[%clk 0:28:34]} 43. Kf2 {[%clk 1:03:58]}  Qe3+ {[%clk 0:28:46]} 44. Kf1 {[%clk 1:04:23]}  f3 {[%clk 0:29:03]} 0-1

[Event "Masters Tournament (MTO)"]
[Site "Biel, CH"]
[Date "2025.07.15"]
[Round "2"]
[White "Jordan, Theodor"]
[Black "Haugner, Jan"]
[Result "0-1"]
[Board "47"]
[WhiteFideId "1353152"]
[BlackFideId "24655244"]
[WhiteElo "1934"]
[BlackElo "2066"]
[WhiteTeam "SUI"]
[BlackTeam "GER"]
[WhiteClock "0:26:18"]
[BlackClock "0:26:36"]
[Variant "Standard"]

1. e4 {[%clk 1:40:11]}  c5 {[%clk 1:40:58]} 2. Nf3 {[%clk 1:40:31]}  d6 {[%clk 1:41:23]} 3. d4 {[%clk 1:40:58]}  cxd4 {[%clk 1:41:50]} 4. Nxd4 {[%clk 1:41:22]}  Nf6 {[%clk 1:42:13]} 5. Nc3 {[%clk 1:41:45]}  Bd7 {[%clk 1:42:38]} 6. h3 {[%clk 1:37:49]}  Nc6 {[%clk 1:42:16]} 7. Be3 {[%clk 1:36:18]}  g6 {[%clk 1:42:42]} 8. Bc4 {[%clk 1:34:38]}  Bg7 {[%clk 1:41:46]} 9. Bb3 {[%clk 1:34:46]}  O-O {[%clk 1:40:54]} 10. Qd3 {[%clk 1:33:29]}  Rc8 {[%clk 1:36:47]} 11. Rd1 {[%clk 1:21:19]}  Ne5 {[%clk 1:16:04]} 12. Qe2 {[%clk 1:07:44]}  Rxc3 {[%clk 1:14:56]} 13. bxc3 {[%clk 1:05:21]}  Nxe4 {[%clk 1:15:22]} 14. Bd2 {[%clk 1:05:28]}  Nxd2 {[%clk 1:15:43]} 15. Qxd2 {[%clk 1:02:49]}  Qc7 {[%clk 1:10:31]} 16. O-O {[%clk 0:56:34]}  Rc8 {[%clk 1:06:46]} 17. Rfe1 {[%clk 0:55:40]}  e6 {[%clk 1:05:07]} 18. Qe2 {[%clk 0:40:36]}  d5 {[%clk 0:52:43]} 19. f4 {[%clk 0:35:02]}  Nc6 {[%clk 0:49:48]} 20. g3 {[%clk 0:30:17]}  Ne7 {[%clk 0:42:56]} 21. Qf3 {[%clk 0:25:21]}  Qa5 {[%clk 0:32:49]} 22. g4 {[%clk 0:20:18]}  Qxc3 {[%clk 0:20:21]} 23. Qxc3 {[%clk 0:17:57]}  Rxc3 {[%clk 0:20:50]} 24. Kg2 {[%clk 0:18:02]}  b5 {[%clk 0:19:46]} 25. Ne2 {[%clk 0:11:53]}  Rc7 {[%clk 0:19:29]} 26. Rd3 {[%clk 0:07:17]}  b4 {[%clk 0:16:02]} 27. c3 {[%clk 0:04:10]}  Bb5 {[%clk 0:14:18]} 28. c4 {[%clk 0:03:33]}  dxc4 {[%clk 0:08:16]} 29. Rd8+ {[%clk 0:03:53]}  Bf8 {[%clk 0:08:41]} 30. Bc2 {[%clk 0:03:40]}  Nc6 {[%clk 0:06:50]} 31. Rdd1 {[%clk 0:02:12]}  Bc5 {[%clk 0:05:35]} 32. f5 {[%clk 0:01:27]}  e5 {[%clk 0:04:41]} 33. Rd5 {[%clk 0:00:46]}  Nd4 {[%clk 0:03:49]} 34. Nxd4 {[%clk 0:00:52]}  exd4 {[%clk 0:03:57]} 35. Rd8+ {[%clk 0:00:54]}  Kg7 {[%clk 0:04:02]} 36. g5 {[%clk 0:00:40]}  gxf5 {[%clk 0:04:10]} 37. h4 {[%clk 0:00:40]}  d3 {[%clk 0:03:56]} 38. h5 {[%clk 0:01:09]}  h6 {[%clk 0:03:03]} 39. gxh6+ {[%clk 0:00:52]}  Kxh6 {[%clk 0:02:55]} 40. Bd1 {[%clk 0:00:35]}  Kh7 {[%clk 0:01:18]} 41. Re5 {[%clk 0:26:18]}  c3 {[%clk 0:26:36]} 0-1

[Event "Masters Tournament (MTO)"]
[Site "Biel, CH"]
[Date "2025.07.15"]
[Round "2"]
[White "Kanana, Ziad"]
[Black "Madsen, Jens Ingemann"]
[Result "1-0"]
[Board "48"]
[WhiteFideId "1346911"]
[BlackFideId "1434993"]
[WhiteElo "2062"]
[BlackElo "1935"]
[WhiteTeam "SUI"]
[BlackTeam "DEN"]
[WhiteClock "0:11:27"]
[BlackClock "0:08:22"]
[Variant "Standard"]

1. e4 {[%clk 1:40:56]}  c6 {[%clk 1:40:44]} 2. d4 {[%clk 1:41:20]}  d5 {[%clk 1:41:11]} 3. e5 {[%clk 1:41:42]}  Bf5 {[%clk 1:41:31]} 4. Nd2 {[%clk 1:41:55]}  e6 {[%clk 1:41:00]} 5. Nb3 {[%clk 1:42:17]}  Nd7 {[%clk 1:39:00]} 6. Nf3 {[%clk 1:42:26]}  Ne7 {[%clk 1:36:48]} 7. Be2 {[%clk 1:42:42]}  c5 {[%clk 1:35:25]} 8. Nxc5 {[%clk 1:42:03]}  Nxc5 {[%clk 1:35:31]} 9. dxc5 {[%clk 1:42:27]}  Qa5+ {[%clk 1:34:13]} 10. c3 {[%clk 1:42:41]}  Qxc5 {[%clk 1:33:48]} 11. Be3 {[%clk 1:40:52]}  Qc7 {[%clk 1:31:01]} 12. Nd4 {[%clk 1:35:44]}  Qxe5 {[%clk 0:45:04]} 13. Qa4+ {[%clk 1:28:12]}  Kd8 {[%clk 0:45:26]} 14. Nb5 {[%clk 1:08:28]}  Nc8 {[%clk 0:28:14]} 15. Bf4 {[%clk 0:57:00]}  Qe4 {[%clk 0:26:40]} 16. Qxe4 {[%clk 0:54:56]}  Bxe4 {[%clk 0:26:13]} 17. f3 {[%clk 0:54:00]}  Bc2 {[%clk 0:19:04]} 18. Nc7 {[%clk 0:52:23]}  Bd6 {[%clk 0:19:20]} 19. Bxd6 {[%clk 0:52:40]}  Nxd6 {[%clk 0:19:43]} 20. Nxa8 {[%clk 0:52:59]}  Kd7 {[%clk 0:19:56]} 21. Rc1 {[%clk 0:44:03]}  Ba4 {[%clk 0:19:43]} 22. b3 {[%clk 0:40:39]}  Bc6 {[%clk 0:20:08]} 23. Nb6+ {[%clk 0:40:00]}  axb6 {[%clk 0:20:34]} 24. a4 {[%clk 0:40:06]}  Rc8 {[%clk 0:17:10]} 25. Kd2 {[%clk 0:40:04]}  b5 {[%clk 0:15:04]} 26. axb5 {[%clk 0:36:55]}  Nxb5 {[%clk 0:15:19]} 27. Ra1 {[%clk 0:35:12]}  Nd6 {[%clk 0:11:55]} 28. g3 {[%clk 0:31:32]}  f6 {[%clk 0:09:51]} 29. Rhd1 {[%clk 0:30:44]}  Ke7 {[%clk 0:08:37]} 30. c4 {[%clk 0:29:55]}  dxc4 {[%clk 0:05:39]} 31. bxc4 {[%clk 0:30:15]}  Nf5 {[%clk 0:05:27]} 32. Kc3 {[%clk 0:28:56]}  Bd5 {[%clk 0:03:31]} 33. Kb4 {[%clk 0:28:04]}  Bc6 {[%clk 0:03:13]} 34. f4 {[%clk 0:27:09]}  Ne3 {[%clk 0:02:35]} 35. Rd2 {[%clk 0:26:32]}  Be4 {[%clk 0:02:35]} 36. Kb3 {[%clk 0:24:06]}  g6 {[%clk 0:01:35]} 37. Raa2 {[%clk 0:22:59]}  Rc7 {[%clk 0:01:19]} 38. Rd4 {[%clk 0:21:24]}  Bc6 {[%clk 0:01:07]} 39. Kb4 {[%clk 0:17:11]}  h5 {[%clk 0:00:46]} 40. Ka5 {[%clk 0:16:40]}  Nf5 {[%clk 0:00:45]} 41. Rdd2 {[%clk 0:11:12]}  Nd6 {[%clk 0:26:08]} 42. c5 {[%clk 0:34:48]}  Ne4 {[%clk 0:25:19]} 43. Kb6 {[%clk 0:35:02]}  Rc8 {[%clk 0:25:24]} 44. Rdc2 {[%clk 0:33:21]}  Bd5 {[%clk 0:23:32]} 45. Ra7 {[%clk 0:32:29]}  f5 {[%clk 0:18:42]} 46. Bd3 {[%clk 0:27:18]}  Nf6 {[%clk 0:17:55]} 47. Bb5 {[%clk 0:21:38]}  Nd7+ {[%clk 0:13:42]} 48. Bxd7 {[%clk 0:20:59]}  Kxd7 {[%clk 0:14:07]} 49. Rxb7+ {[%clk 0:17:25]}  Bxb7 {[%clk 0:13:30]} 50. Kxb7 {[%clk 0:17:49]}  Rc7+ {[%clk 0:13:44]} 51. Kb6 {[%clk 0:18:04]}  Rc6+ {[%clk 0:10:52]} 52. Kb5 {[%clk 0:17:49]}  e5 {[%clk 0:10:24]} 53. fxe5 {[%clk 0:16:03]}  Re6 {[%clk 0:10:03]} 54. Rd2+ {[%clk 0:16:18]}  Kc7 {[%clk 0:10:26]} 55. Rd6 {[%clk 0:15:59]}  Rxe5 {[%clk 0:10:45]} 56. Rxg6 {[%clk 0:16:14]}  Re2 {[%clk 0:10:20]} 57. Rg7+ {[%clk 0:16:34]}  Kb8 {[%clk 0:10:06]} 58. h4 {[%clk 0:09:23]}  f4 {[%clk 0:09:24]} 59. gxf4 {[%clk 0:12:33]}  Rh2 {[%clk 0:07:58]} 60. f5 {[%clk 0:11:19]}  Rxh4 {[%clk 0:08:22]} 61. f6 {[%clk 0:11:27]} 1-0